• 首页
  • 本馆介绍
  • 公告通知
  • 最新文献
  • 馆藏检索
  • 电子资源
  • 读者导购
  • 参考咨询
  • 我的图书馆
  • 登录
  • 详细信息显示
  • 放入我的书架
  • 预约/预借图书
  • 作者相关作品
  • 分类相关作品
  • 丛书相关作品
  • 出版社相关作品

书目信息

  • 表格格式
  • 工作单格式
  • 卡片格式
题名:
中国古代建筑精华
    
 
作者: 罗哲文 主编 ;姚天新 , 尹楠 , 李少白 图片摄影
分册:  
出版信息: 郑州   大象出版社  2005
页数: [287]页
开本: 23×24cm
丛书名: 透过镜头
单 册:
中图分类: K928.71-64
科图分类:
主题词: 古建筑--中国--摄影集 , 古建筑
电子资源:
ISBN: 7-5347-3645-5
000 01039oam2 2200301 450
001 002812386
005 20070801172551.45
010    @a7-5347-3645-5@b精装@dCNY79.00
100    @a20050104d2005 em y0chiy0110 ea
101 0  @achi
102    @aCN@b410000
105    @aa z 000yy
200 1  @a中国古代建筑精华@9zhong guo gu dai jian zhu jing hua@f罗哲文主编@g姚天新,尹楠,李少白图片摄影
210    @a郑州@c大象出版社@d2005
215    @a[287]页@c彩照@d23×24cm
225 2  @a透过镜头
330    @a本书图文并茂地介绍了中国古代的有名建筑,例如:秦始皇陵及兵马俑、楼兰古城、黄鹤楼、镇江金山寺、莫高窟、龙门石窟等。
461  0 @12001 @a透过镜头
510 1  @aAncient Architecture of China@zeng
606 0  @a古建筑@y中国@j摄影集
606 0  @a古建筑
690    @aK928.71-64@v4
701  0 @a罗哲文@9luo zhe wen@f(1924~)@4主编
702  0 @a姚天新@9yao tian xin@4图片摄影
702  0 @a尹楠@9yin nan@4图片摄影
702  0 @a李少白@9li shao bai@f(1942~)@4图片摄影
801  0 @aCN@bNLC@c20070801
905    @a10447@dK928.71-64@e470
    
    中国古代建筑精华/罗哲文主编/姚天新,尹楠,李少白图片摄影.-郑州:大象出版社,2005
    [287]页:彩照;23×24cm.-(透过镜头)
    
    
    ISBN 7-5347-3645-5(精装):CNY79.00
    本书图文并茂地介绍了中国古代的有名建筑,例如:秦始皇陵及兵马俑、楼兰古城、黄鹤楼、镇江金山寺、莫高窟、龙门石窟等。
●
相关链接 在E读中查询图书 在五车中查询图书 在当当中查询图书 在豆瓣中查询图书


正题名:中国古代建筑精华     索取号:K928.71-64/470         预约/预借

序号 登录号 条形码 馆藏地/架位号 状态 备注
1 0800883   208008831   第二样本阅览室/ [索取号:K928.71-64/470] 在馆    
唐山师范学院图书馆 欢迎您!
大连网信软件有限公司© 版权所有